The students Sanskrit-English dictionary /

Saved in:
Bibliographic Details
Main Author: Apte, Vaman Shivram
Format: Book
Language:Sanskrit
Published: Delhi : London : Motilal Banarsidass ; Distributed by Books from India (U.K.), 1970
Edition:2nd ed.
Subjects:
LEADER 01108nam a2200289 i 4500
001 c000410073
003 CARM
005 00000000000000.0
008 830711r19821970enk d 00010 san d
015 |a b8327013 
019 1 |a 2798090 
040 |a VDU  |c VDU 
041 0 |a saneng 
050 0 0 |a PK933 
082 0 4 |a 491.2321 
100 1 |a Apte, Vaman Shivram. 
245 1 4 |a The students Sanskrit-English dictionary /  |c Vaman Shivram Apte. 
250 |a 2nd ed. 
260 0 |a Delhi :  |b Motilal Banarsidass ;  |a London :  |b Distributed by Books from India (U.K.),  |c 1970  |g (1982 [printing]) 
300 |a 8, 664 p. ;  |c 26cm. 
500 |a Sanskrit language. - Sanskirt & English dictionaries (ANB/PRECIS SIN 2910624) 
500 |a Previous ed.: Poona : s.n., 1884. 
650 0 |a Sanskrit language  |x Dictionaries  |x English. 
650 0 |a English language  |x Dictionaries  |x Sanskrit. 
852 8 |b CARM  |h A3:AF32F0  |i C12720  |p 0566868  |f BK 
999 f f |i 72ba8c54-9bb8-5cea-b3a6-c8eb3192296d  |s 7b93cd3d-e33f-5c74-a881-229aa14c3542 
952 f f |p Can circulate  |a CAVAL  |b CAVAL  |c CAVAL  |d CARM 1 Store  |e C12720  |f A3:AF32F0  |h Other scheme  |i book  |m 0566868